Arquitectura no es sólo obra: 27 investigaciones seleccionadas para la XIX Bienal de Arquitectura y Urbanismo

Gespeichert in:
Bibliographische Detailangaben
Hauptverfasser: Urrutia, Juan Pablo (VerfasserIn), Núñez, Cristina (VerfasserIn), Simonetti, Sebastián (VerfasserIn)
Format: Buch
Sprache:Spanisch
Veröffentlicht: Santiago Local Editores 2017
Ausgabe:1a. ed
Schlagworte:
Tags: Tag hinzufügen
Keine Tags, Fügen Sie den ersten Tag hinzu!

MARC

LEADER 00000cam a2200000 a 4500
001 UCC2336
003 CL-VaPUC
008 180119e20170000cl |||||||||||||||||spa|d
020 |a 9789569862045 
082 0 4 |a 720.1  |b URR  |2 21 
100 0 |a Urrutia, Juan Pablo  |e author  |9 596451 
700 0 |a Núñez, Cristina  |e author  |9 596452 
700 0 |a Simonetti, Sebastián  |e author  |9 596453 
245 1 0 |a Arquitectura no es sólo obra: 27 investigaciones seleccionadas para la XIX Bienal de Arquitectura y Urbanismo 
250 |a 1a. ed 
300 |a 279 p 
942 |c BK 
945 |d 20180119 15:30:00  |a dcastane 
260 |a Santiago  |b Local Editores  |c 2017 
650 0 |a Arquitectura contemporánea  |9 367350 
650 0 |a Filosofía de la arquitectura  |9 267382 
583 |a last modification  |c 20180119 15:30:00  |k Rodrigo Vera 
999 |c 370526  |d 370524 
952 |0 0  |1 0  |3 erb  |4 0  |6 720_100000000000000_URR_2017  |7 0  |8 A  |9 487053  |a BIBARQ  |b BIBARQ  |i 5451108  |o 720.1 URR 2017  |p 5451108  |r 2025-01-20  |w 2019-11-24  |y BK  |z Catalogado en:20180119  |k ARQ 
952 |0 0  |1 0  |3 erb  |4 0  |6 720_100000000000000_URR_2017  |7 0  |8 A  |9 487054  |a BIBARQ  |b BIBARQ  |i 5451116  |o 720.1 URR 2017  |p 5451116  |r 2025-01-20  |w 2019-11-24  |y BK  |z Catalogado en:20180119  |k ARQ